000 00274nam a2200133Ia 4500
100 _aHansen Augie
942 _cBK
654 _aunix
245 _aRescued by Unix
260 _bGalgotia Pub
_aNew Delhi
_c1995
082 _a005.13 'U'
546 _aENGLISH
999 _c32634
_d32634